000 005020000a22001570004500
090 _aAR
_b00928
245 1 0 _aBat guano ecosystems a new classification and some considerations with special references to neotropical data
650 1 4 _aMamíferos
_992510
650 1 4 _aMurciélagos
_92659
650 1 4 _aBioespeleología
_92655
650 1 4 _aCavernas
_993465
041 0 _aInglés
100 1 _aGnaspini, Pedro
_994106
942 _cARTICULO
773 1 _tMémoires de Biospéologie
_3333
_q135-138
_d1992
_g19
999 _c10016
_d10016